00334nam a2200121Ia 4500008004100000041000800041082001500049100001300064245003900077260005100116300003400167365001100201240624s9999 xx 000 0 und d aeng a344.01 PUR aPURI S D aEMPLOYEES STATE INSURANCE ACT 1948 c2008aMumbaibSnow White Publication Pvt. Ltd. alxxiii, : 270 : p. : cm. ; 24 cRSb15